Key British enterprises 2002 : Britain`s top 50,000 companies (Record no. 101909)

MARC details
000 -LEADER
fixed length control field 00673cam a2200253 4500
008 - FIXED-LENGTH DATA ELEMENTS--GENERAL INFORMATION
fixed length control field 000000n2002 000 0 eng u
020 ## - INTERNATIONAL STANDARD BOOK NUMBER
International Standard Book Number 1860713475
022 ## - INTERNATIONAL STANDARD SERIAL NUMBER
International Standard Serial Number 01425048
035 ## - SYSTEM CONTROL NUMBER
System control number (Sirsi) u116916
041 ## - LANGUAGE CODE
Language code of text/sound track or separate title eng
050 ## - LIBRARY OF CONGRESS CALL NUMBER
Classification number 380.1025
110 ## - MAIN ENTRY--CORPORATE NAME
Corporate name or jurisdiction name as entry element Dun and Bradstreet Ltd.
9 (RLIN) 2888
245 ## - TITLE STATEMENT
Title Key British enterprises 2002 : Britain`s top 50,000 companies
260 ## - PUBLICATION, DISTRIBUTION, ETC.
Place of publication, distribution, etc. High Wycombe
Name of publisher, distributor, etc. Dun & Bradstreet Ltd.
Date of publication, distribution, etc. 2002
300 ## - PHYSICAL DESCRIPTION
Type of unit 4
Matrix and/or take number [Sound recordings, pre-AACR2 records only] [OBSOLETE, CAN/MARC] v.
Dimensions 30cm.
350 ## - PRICE (NR) (BK AM CF MU VM SE) [OBSOLETE]
Price 545.00
650 ## - SUBJECT ADDED ENTRY--TOPICAL TERM
Topical term or geographic name entry element BUSINESS RANKINGS
650 ## - SUBJECT ADDED ENTRY--TOPICAL TERM
Topical term or geographic name entry element COMPANIES
650 ## - SUBJECT ADDED ENTRY--TOPICAL TERM
Topical term or geographic name entry element DIRECTORIES
650 ## - SUBJECT ADDED ENTRY--TOPICAL TERM
Topical term or geographic name entry element KEY BRITISH ENTERPRISES
650 ## - SUBJECT ADDED ENTRY--TOPICAL TERM
Topical term or geographic name entry element TRADE
690 ## - LOCAL SUBJECT ADDED ENTRY--TOPICAL TERM (OCLC, RLIN)
Topical term or geographic name as entry element ECONOMIC ISSUES
942 ## - ADDED ENTRY ELEMENTS (KOHA)
Suppress in OPAC 0

No items available.